[Event "26th Abu Dhabi Master 2019"]
[Site "Abu Dhabi"]
[Date "2019.08.08"]
[Round "7.60"]
[White "Ayyad, Husain"]
[Black "Dixit, Nikhil"]
[Result "0-1"]
[WhiteElo "2231"]
[BlackElo "2318"]
[Annotator "NA"]
[PlyCount "95"]
[EventDate "2019.08.02"]
[EventType "swiss"]
[EventCountry "UAE"]
[SourceTitle "playchess.com"]
[Source "ChessBase"]
[SourceQuality "1"]
[TimeControl "5400+30"]

1. e4 {[%emt 0:03:24]} g6 {[%emt 0:00:00]} 2. d4 {[%emt 0:00:12]} Bg7 {[%emt 0:00:00]} 3. Nf3 {[%emt 0:00:38]} d6 {[%emt 0:00:05]} 4. Be2 {[%emt 0:02:04]} Nf6 {[%emt 0:00:30]} 5. Nc3 {[%emt 0:00:15]} O-O {[%emt 0:00:08]} 6. O-O {[%emt 0:00:05]} c6 {[%emt 0:00:09]} 7. a4 {[%emt 0:00:41]} Qc7 {[%emt 0:01:36]} 8. a5 {[%emt 0:07:30]} Nbd7 {[%emt 0:00:47]} 9. h3 {[%emt 0:05:22]} e5 {[%emt 0:01:11]} 10. d5 {[%emt 0:00:10]} cxd5 {[%emt 0:02:26]} 11. Nb5 {[%emt 0:04:32]} Qb8 {[%emt 0:08:23]} 12. exd5 {[%emt 0:03:29]} a6 {[%emt 0:00:14]} 13. Na3 {[%emt 0:04:13]} b5 {[%emt 0:02:49]} 14. axb6 {[%emt 0:03:19]} Nxb6 {[%emt 0:00:30]} 15. c4 {[%emt 0:00:09]} Bd7 {[%emt 0:05:58]} 16. b3 {[%emt 0:19:15]} Ne4 {[%emt 0:06:13]} 17. Nb1 {[%emt 0:00:05]} a5 {[%emt 0:04:01]} 18. Nfd2 {[%emt 0:00:21]} Nc5 {[%emt 0:01:49]} 19. Ra2 {[%emt 0:03:13]} e4 {[%emt 0:06:18]} 20. Bb2 {[%emt 0:00:44]} Bxb2 {[%emt 0:01:39]} 21. Rxb2 {[%emt 0:00:05]} Qe8 {[%emt 0:00:33]} 22. Re1 {[%emt 0:06:26]} Qe5 {[%emt 0:06:54]} 23. Qc1 {[%emt 0:00:05]} Qg5 {[%emt 0:10:17]} 24. Nf1 {[%emt 0:03:07]} Qxc1 {[%emt 0:02:43]} 25. Rxc1 {[%emt 0:00:57]} Rfb8 {[%emt 0:00:08]} 26. Nc3 {[%emt 0:07:47]} Nba4 {[%emt 0:03:20]} 27. Nxa4 {[%emt 0:00:06]} Bxa4 {[%emt 0:00:21]} 28. Nd2 {[%emt 0:00:30]} Bxb3 {[%emt 0:00:51]} 29. Rcb1 {[%emt 0:01:22]} a4 {[%emt 0:00:59]} 30. Nxb3 {[%emt 0:00:05]} axb3 {[%emt 0:02:16]} 31. Kf1 {[%emt 0:01:08]} Rb4 {[%emt 0:00:35]} 32. Ke1 {[%emt 0:00:21]} Ra2 {[%emt 0:02:26]} 33. Rd2 {[%emt 0:14:41]} b2 {[%emt 0:06:37]} 34. Kd1 {[%emt 0:02:00]} Ra1 {[%emt 0:00:37]} 35. Kc2 {[%emt 0:00:08]} Rxb1 {[%emt 0:05:47]} 36. Kxb1 {[%emt 0:00:05]} Na4 {[%emt 0:00:05]} 37. Rc2 {[%emt 0:01:13]} Rb3 {[%emt 0:00:28]} 38. c5 {[%emt 0:03:39]} Ra3 {[%emt 0:03:43]} 39. Rxb2 {[%emt 0:00:38]} Nxb2 {[%emt 0:00:02]} 40. Kxb2 {[%emt 0:01:54]} Ra5 {[%emt 0:00:11]} 41. c6 {[%emt 0:02:29]} Rxd5 {[%emt 0:01:18]} 42. f3 {[%emt 0:00:57]} Rc5 {[%emt 0:00:12]} 43. fxe4 {[%emt 0:00:05]} Rxc6 {[%emt 0:00:03]} 44. Kb3 {[%emt 0:00:43]} Rc5 {[%emt 0:00:06]} 45. Bc4 {[%emt 0:00:52]} Kg7 {[%emt 0:00:22]} 46. Kc3 {[%emt 0:00:03]} f5 {[%emt 0:00:10]} 47. exf5 {[%emt 0:00:10]} d5 {[%emt 0:00:06]} 48. Kd4 0-1

[Event "26th Abu Dhabi Master 2019"]
[Site "Abu Dhabi"]
[Date "2019.08.08"]
[Round "7.61"]
[White "Salih, Akar Ali Salih"]
[Black "Ajay Karthikeyan"]
[Result "1/2-1/2"]
[WhiteElo "2261"]
[BlackElo "2216"]
[Annotator "NA"]
[PlyCount "98"]
[EventDate "2019.08.02"]
[EventType "swiss"]
[EventCountry "UAE"]
[SourceTitle "playchess.com"]
[Source "ChessBase"]
[SourceQuality "1"]
[TimeControl "5400+30"]

1. e4 {[%emt 0:00:27]} c5 {[%emt 0:00:00]} 2. Nf3 {[%emt 0:00:08]} d6 {[%emt 0:00:00]} 3. d4 {[%emt 0:00:28]} cxd4 {[%emt 0:00:00]} 4. Nxd4 {[%emt 0:00:08]} Nf6 {[%emt 0:00:00]} 5. Nc3 {[%emt 0:00:06]} a6 {[%emt 0:00:00]} 6. Be3 {[%emt 0:02:11]} e5 {[%emt 0:00:00]} 7. Nb3 {[%emt 0:00:08]} Be7 {[%emt 0:00:00]} 8. f3 {[%emt 0:00:11]} Be6 {[%emt 0:00:00]} 9. Qd2 {[%emt 0:00:14]} h5 {[%emt 0:00:02]} 10. O-O-O {[%emt 0:02:46]} Nbd7 {[%emt 0:00:07]} 11. Kb1 {[%emt 0:04:47]} b5 {[%emt 0:00:02]} 12. Nd5 {[%emt 0:11:45]} Bxd5 {[%emt 0:00:50]} 13. exd5 {[%emt 0:00:03]} Nb6 {[%emt 0:00:01]} 14. Bxb6 {[%emt 0:04:04]} Qxb6 {[%emt 0:00:02]} 15. Na5 {[%emt 0:00:27]} Rc8 {[%emt 0:00:08]} 16. Nc6 {[%emt 0:01:27]} Nxd5 {[%emt 0:02:03]} 17. Nxe7 {[%emt 0:07:01]} Nxe7 {[%emt 0:00:02]} 18. Qxd6 {[%emt 0:00:31]} Qxd6 {[%emt 0:00:04]} 19. Rxd6 {[%emt 0:00:05]} Nc6 {[%emt 0:00:46]} 20. Rd2 {[%emt 0:05:05]} Ke7 {[%emt 0:02:57]} 21. Bd3 {[%emt 0:10:24]} g6 {[%emt 0:06:13]} 22. a4 {[%emt 0:08:34]} Rhd8 {[%emt 0:03:57]} 23. Rhd1 {[%emt 0:06:10]} Nd4 {[%emt 0:11:10]} 24. axb5 {[%emt 0:04:34]} axb5 {[%emt 0:00:15]} 25. c3 {[%emt 0:00:07]} Nb3 {[%emt 0:01:14]} 26. Re2 {[%emt 0:00:03]} Kf6 {[%emt 0:02:55]} 27. Bc2 {[%emt 0:01:22]} Rxd1+ {[%emt 0:02:01]} 28. Bxd1 {[%emt 0:00:01]} Na5 {[%emt 0:11:35]} 29. b4 {[%emt 0:04:24]} Nc4 {[%emt 0:06:45]} 30. Bb3 {[%emt 0:00:16]} h4 {[%emt 0:03:16]} 31. Bxc4 {[%emt 0:06:25]} Rxc4 {[%emt 0:00:49]} 32. Kc2 {[%emt 0:00:06]} Ke6 {[%emt 0:07:45]} 33. Kd3 {[%emt 0:01:13]} f5 {[%emt 0:05:04]} 34. Ra2 {[%emt 0:00:47]} e4+ {[%emt 0:00:10]} 35. fxe4 {[%emt 0:00:24]} fxe4+ {[%emt 0:07:18]} 36. Kd2 {[%emt 0:00:03]} Rc6 {[%emt 0:04:42]} 37. Ra5 {[%emt 0:01:42]} Rd6+ {[%emt 0:03:47]} 38. Ke3 {[%emt 0:01:58]} Rd3+ {[%emt 0:00:07]} 39. Kxe4 {[%emt 0:00:07]} Rxc3 {[%emt 0:00:01]} 40. Rxb5 {[%emt 0:00:12]} Rc4+ {[%emt 0:07:44]} 41. Kf3 {[%emt 0:01:34]} Kf6 {[%emt 0:00:28]} 42. Rb8 {[%emt 0:06:12]} Rc3+ {[%emt 0:01:26]} 43. Kg4 {[%emt 0:00:50]} Rc4+ {[%emt 0:02:30]} 44. Kh3 {[%emt 0:00:20]} Rd4 {[%emt 0:00:21]} 45. b5 {[%emt 0:00:36]} Rb4 {[%emt 0:00:16]} 46. g3 {[%emt 0:02:34]} hxg3 {[%emt 0:01:13]} 47. hxg3 {[%emt 0:00:23]} Kg5 {[%emt 0:00:15]} 48. b6 {[%emt 0:03:06]} Rb1 {[%emt 0:00:55]} 49. Kg2 {[%emt 0:00:21]} Kg4 {[%emt 0:00:15]} 1/2-1/2

[Event "26th Abu Dhabi Master 2019"]
[Site "Abu Dhabi"]
[Date "2019.08.08"]
[Round "7.62"]
[White "Tabada, Jobannie C."]
[Black "Siva Mahadevan"]
[Result "1/2-1/2"]
[WhiteElo "2216"]
[BlackElo "2270"]
[Annotator "NA"]
[PlyCount "153"]
[EventDate "2019.08.02"]
[EventType "swiss"]
[EventCountry "UAE"]
[SourceTitle "playchess.com"]
[Source "ChessBase"]
[SourceQuality "1"]
[TimeControl "5400+30"]

1. e4 {[%emt 0:00:00]} c5 {[%emt 0:07:07]} 2. Nf3 {[%emt 0:00:00]} d6 {[%emt 0:00:12]} 3. d4 {[%emt 0:00:00]} cxd4 {[%emt 0:00:04]} 4. Nxd4 {[%emt 0:00:07]} Nf6 {[%emt 0:00:05]} 5. Nc3 {[%emt 0:00:05]} a6 {[%emt 0:00:22]} 6. Be2 {[%emt 0:00:05]} e5 {[%emt 0:00:19]} 7. Nb3 {[%emt 0:01:22]} Be7 {[%emt 0:00:03]} 8. O-O {[%emt 0:00:28]} O-O {[%emt 0:00:07]} 9. Bg5 {[%emt 0:00:08]} Be6 {[%emt 0:01:45]} 10. Qd2 {[%emt 0:09:52]} Nbd7 {[%emt 0:00:33]} 11. Rfd1 {[%emt 0:03:47]} b5 {[%emt 0:14:21]} 12. Bf3 {[%emt 0:10:11]} b4 {[%emt 0:19:35]} 13. Ne2 {[%emt 0:00:38]} a5 {[%emt 0:01:23]} 14. Ng3 {[%emt 0:00:50]} Qc7 {[%emt 0:18:11]} 15. Nf1 {[%emt 0:06:41]} Rac8 {[%emt 0:06:43]} 16. Ne3 {[%emt 0:00:32]} Nxe4 {[%emt 0:02:44]} 17. Bxe4 {[%emt 0:04:16]} Bxg5 {[%emt 0:01:08]} 18. Qxd6 {[%emt 0:00:01]} a4 {[%emt 0:00:38]} 19. Qxc7 {[%emt 0:03:17]} Rxc7 {[%emt 0:01:00]} 20. Nd2 {[%emt 0:17:18]} Bxe3 {[%emt 0:07:39]} 21. fxe3 {[%emt 0:00:01]} f5 {[%emt 0:00:07]} 22. Bd3 {[%emt 0:01:33]} e4 {[%emt 0:01:01]} 23. Bb5 {[%emt 0:00:45]} Rxc2 {[%emt 0:05:31]} 24. Bxa4 {[%emt 0:12:12]} Rxb2 {[%emt 0:00:18]} 25. Bxd7 {[%emt 0:12:44]} Bxd7 {[%emt 0:00:17]} 26. Nb3 {[%emt 0:00:31]} Bb5 {[%emt 0:04:30]} 27. Rdb1 Rxb1+ {[%emt 0:00:12]} 28. Rxb1 {[%emt 0:02:36]} Bd3 {[%emt 0:03:31]} 29. Rb2 {[%emt 0:00:38]} Rc8 {[%emt 0:01:28]} 30. Nd4 {[%emt 0:00:45]} Rc4 {[%emt 0:03:32]} 31. Kf2 {[%emt 0:03:17]} g6 {[%emt 0:00:11]} 32. h3 {[%emt 0:04:08]} Kf7 {[%emt 0:00:16]} 33. Rb3 {[%emt 0:00:32]} Kf6 {[%emt 0:01:04]} 34. a3 {[%emt 0:00:22]} bxa3 {[%emt 0:00:14]} 35. Rxa3 {[%emt 0:00:01]} Rc1 {[%emt 0:00:01]} 36. h4 {[%emt 0:01:12]} h6 {[%emt 0:00:58]} 37. Rb3 {[%emt 0:00:08]} Ke5 {[%emt 0:00:24]} 38. g3 {[%emt 0:02:30]} g5 {[%emt 0:00:33]} 39. hxg5 {[%emt 0:00:02]} hxg5 {[%emt 0:00:02]} 40. Rb8 {[%emt 0:00:27]} Rf1+ {[%emt 0:01:14]} 41. Kg2 {[%emt 0:00:01]} f4 {[%emt 0:00:30]} 42. Re8+ {[%emt 0:01:43]} Kd5 {[%emt 0:00:22]} 43. Rd8+ {[%emt 0:00:43]} Kc4 {[%emt 0:00:30]} 44. Rc8+ {[%emt 0:01:26]} Kd5 {[%emt 0:00:01]} 45. Rd8+ {[%emt 0:00:05]} Kc4 {[%emt 0:00:02]} 46. Rc8+ {[%emt 0:00:12]} Kb4 {[%emt 0:01:08]} 47. gxf4 {[%emt 0:02:51]} gxf4 {[%emt 0:00:01]} 48. Nc6+ {[%emt 0:00:35]} Kb3 {[%emt 0:01:16]} 49. Nd4+ {[%emt 0:01:26]} Kb2 {[%emt 0:00:44]} 50. Rc2+ {[%emt 0:01:02]} Kb1 {[%emt 0:00:14]} 51. Rf2 {[%emt 0:00:05]} f3+ {[%emt 0:00:34]} 52. Nxf3 {[%emt 0:00:09]} exf3+ {[%emt 0:00:04]} 53. Kxf3 {[%emt 0:00:06]} Re1 {[%emt 0:00:42]} 54. Rd2 {[%emt 0:00:15]} Bc2 {[%emt 0:00:10]} 55. Kf2 {[%emt 0:01:03]} Rh1 {[%emt 0:00:08]} 56. Kf3 {[%emt 0:00:10]} Kb2 {[%emt 0:00:37]} 57. Rd8 {[%emt 0:01:09]} Kc3 {[%emt 0:00:13]} 58. Ke2 {[%emt 0:01:13]} Rh2+ {[%emt 0:01:12]} 59. Kf3 {[%emt 0:00:01]} Bd3 {[%emt 0:00:11]} 60. Re8 {[%emt 0:01:03]} Rh1 {[%emt 0:01:10]} 61. Kf4 {[%emt 0:00:11]} Rf1+ {[%emt 0:00:34]} 62. Kg5 {[%emt 0:00:11]} Rf3 {[%emt 0:00:36]} 63. Kg4 {[%emt 0:00:04]} Rf2 {[%emt 0:00:27]} 64. Kg5 {[%emt 0:00:04]} Rf5+ {[%emt 0:00:23]} 65. Kg4 {[%emt 0:00:02]} Rf1 {[%emt 0:00:45]} 66. Kg5 {[%emt 0:00:03]} Ra1 {[%emt 0:00:22]} 67. Kf4 {[%emt 0:00:23]} Kd2 {[%emt 0:00:35]} 68. Kg5 {[%emt 0:00:31]} Ra4 {[%emt 0:00:19]} 69. Re7 {[%emt 0:00:29]} Be4 {[%emt 0:00:33]} 70. Kf4 {[%emt 0:01:08]} Ba8+ {[%emt 0:00:37]} 71. e4 {[%emt 0:01:00]} Rd4 {[%emt 0:00:25]} 72. Kf5 {[%emt 0:00:19]} Ke3 {[%emt 0:00:33]} 73. e5 {[%emt 0:00:04]} Bd5 {[%emt 0:00:35]} 74. e6 {[%emt 0:00:30]} Re4 {[%emt 0:00:30]} 75. Re8 {[%emt 0:00:55]} Bxe6+ {[%emt 0:00:32]} 76. Rxe6 {[%emt 0:00:03]} Rxe6 {[%emt 0:00:01]} 77. Kxe6 {[%emt 0:00:02]} 1/2-1/2

[Event "26th Abu Dhabi Master 2019"]
[Site "Abu Dhabi"]
[Date "2019.08.08"]
[Round "7.63"]
[White "Priyanka Nutakki"]
[Black "Krzywda, Andrzej"]
[Result "1/2-1/2"]
[WhiteElo "2293"]
[BlackElo "2190"]
[Annotator "NA"]
[PlyCount "90"]
[EventDate "2019.08.02"]
[EventType "swiss"]
[EventCountry "UAE"]
[SourceTitle "playchess.com"]
[Source "ChessBase"]
[SourceQuality "1"]
[TimeControl "5400+30"]

1. c4 {[%emt 0:01:03]} Nf6 {[%emt 0:00:00]} 2. Nc3 {[%emt 0:02:20]} e6 {[%emt 0:00:00]} 3. e4 {[%emt 0:00:06]} d5 {[%emt 0:00:08]} 4. e5 {[%emt 0:00:05]} d4 {[%emt 0:00:18]} 5. exf6 {[%emt 0:00:06]} dxc3 {[%emt 0:00:04]} 6. bxc3 {[%emt 0:00:04]} Qxf6 {[%emt 0:00:07]} 7. Nf3 {[%emt 0:00:03]} b6 {[%emt 0:00:37]} 8. g3 {[%emt 0:00:11]} Bb7 {[%emt 0:00:07]} 9. Bg2 {[%emt 0:00:03]} Nd7 {[%emt 0:02:29]} 10. O-O {[%emt 0:00:16]} Bd6 {[%emt 0:01:24]} 11. d4 {[%emt 0:00:30]} h6 {[%emt 0:01:59]} 12. a4 {[%emt 0:01:58]} O-O {[%emt 0:01:00]} 13. a5 {[%emt 0:04:15]} Rad8 {[%emt 0:05:20]} 14. axb6 {[%emt 0:04:42]} axb6 {[%emt 0:00:07]} 15. Ra7 {[%emt 0:00:00]} Be4 {[%emt 0:04:52]} 16. Qe2 {[%emt 0:06:45]} Bh7 {[%emt 0:05:55]} 17. Be3 {[%emt 0:04:34]} Rfe8 {[%emt 0:07:07]} 18. Qa2 {[%emt 0:13:23]} Be4 {[%emt 0:04:56]} 19. Nd2 {[%emt 0:01:55]} Bxg2 {[%emt 0:01:24]} 20. Kxg2 {[%emt 0:00:02]} Qf5 {[%emt 0:03:15]} 21. Qb1 {[%emt 0:04:19]} Nf6 {[%emt 0:00:22]} 22. h3 {[%emt 0:02:41]} Qxb1 {[%emt 0:11:32]} 23. Rxb1 {[%emt 0:00:12]} e5 {[%emt 0:00:21]} 24. Nb3 {[%emt 0:03:36]} exd4 {[%emt 0:09:31]} 25. cxd4 {[%emt 0:00:38]} Ne4 {[%emt 0:01:16]} 26. Kf3 {[%emt 0:07:07]} f5 {[%emt 0:08:43]} 27. d5 {[%emt 0:06:08]} Be5 {[%emt 0:05:22]} 28. Rc1 {[%emt 0:02:22]} Ra8 {[%emt 0:05:04]} 29. Rxa8 {[%emt 0:01:14]} Rxa8 {[%emt 0:00:02]} 30. c5 {[%emt 0:12:23]} Ra3 {[%emt 0:09:31]} 31. cxb6 {[%emt 0:00:43]} cxb6 {[%emt 0:00:06]} 32. Rc8+ {[%emt 0:00:06]} Kf7 {[%emt 0:00:12]} 33. Nc1 {[%emt 0:00:09]} b5 {[%emt 0:00:46]} 34. Rc6 {[%emt 0:04:28]} b4 {[%emt 0:04:45]} 35. Rb6 {[%emt 0:00:23]} Bd6 {[%emt 0:02:41]} 36. Rb7+ {[%emt 0:01:45]} Kf6 {[%emt 0:01:45]} 37. Kg2 {[%emt 0:00:37]} Ke5 {[%emt 0:03:03]} 38. Bf4+ {[%emt 0:09:18]} Kxd5 {[%emt 0:00:01]} 39. Bxd6 {[%emt 0:00:06]} Kxd6 {[%emt 0:00:10]} 40. Rxb4 {[%emt 0:00:02]} Rc3 {[%emt 0:00:49]} 41. Ne2 {[%emt 0:00:42]} Rc2 {[%emt 0:00:26]} 42. Kf1 {[%emt 0:00:49]} Nd2+ {[%emt 0:01:44]} 43. Kg2 {[%emt 0:00:01]} Ne4 {[%emt 0:00:09]} 44. Kf1 {[%emt 0:00:05]} Nd2+ {[%emt 0:01:14]} 45. Kg2 {[%emt 0:00:02]} Ne4 {[%emt 0:00:07]} 1/2-1/2

[Event "26th Abu Dhabi Master 2019"]
[Site "Abu Dhabi"]
[Date "2019.08.08"]
[Round "7.64"]
[White "Sharma Isha"]
[Black "Wagh Suyog"]
[Result "0-1"]
[WhiteElo "2188"]
[BlackElo "2242"]
[Annotator "NA"]
[PlyCount "154"]
[EventDate "2019.08.02"]
[EventType "swiss"]
[EventCountry "UAE"]
[SourceTitle "playchess.com"]
[Source "ChessBase"]
[SourceQuality "1"]
[TimeControl "5400+30"]

1. e4 e5 2. Nf3 Nc6 3. Bc4 Bc5 4. c3 Nf6 5. d3 d6 6. Nbd2 O-O 7. h3 a6 8. Bb3 Be6 9. Bc2 Re8 10. Nf1 d5 11. Be3 d4 12. Bd2 b5 13. Ng3 h6 14. O-O Bf8 15. a4 Nd7 16. Ne1 Nc5 17. a5 Qd7 18. f4 exf4 19. Bxf4 g6 20. Nf3 Bg7 21. Ne2 g5 22. Bg3 Rad8 23. Nexd4 Nxd4 24. cxd4 Bxd4+ 25. Nxd4 Qxd4+ 26. Bf2 Qb4 27. d4 Bb3 28. e5 Bxc2 29. Qxc2 Nb3 30. Rad1 Qc4 31. Qc3 Qxc3 32. bxc3 Re6 33. Bg3 Rd5 34. Rf2 Nxa5 35. Rdf1 Rd7 36. d5 Rxd5 37. Rxf7 Rd1 38. Rxc7 Rxf1+ 39. Kxf1 Rc6 40. Ra7 Nb3 41. Ke2 a5 42. Kd3 a4 43. Ke4 Rxc3 44. Be1 Rc1 45. Bf2 Rf1 46. Be3 Rf7 47. Ra6 Rb7 48. Kf5 Kg7 49. h4 gxh4 50. Bxh6+ Kh7 51. Be3 Rf7+ 52. Kg5 Rg7+ 53. Kxh4 Re7 54. e6 Kg6 55. Kg4 Re8 56. g3 Na1 57. e7+ Kf7 58. Bg5 Nb3 59. Kf5 Nd4+ 60. Ke4 Ne6 61. Kf5 Nxg5 62. Kxg5 Rxe7 63. Rb6 Re5+ 64. Kf4 Rc5 65. Ra6 Rc3 66. Ra5 Rb3 67. g4 a3 68. g5 Rb4+ 69. Kf5 Ra4 70. Rxb5 a2 71. g6+ Ke7 72. Rb7+ Kd6 73. g7 a1=Q 74. Rb6+ Kc7 75. g8=Q Qf1+ 76. Ke5 Qf4+ 77. Kd5 Qf5# {Kd4} 0-1

[Event "26th Abu Dhabi Master 2019"]
[Site "Abu Dhabi"]
[Date "2019.08.08"]
[Round "7.65"]
[White "Bartel, Marta"]
[Black "Ashraf, Artin"]
[Result "1/2-1/2"]
[WhiteElo "2260"]
[BlackElo "2141"]
[Annotator "NA"]
[PlyCount "73"]
[EventDate "2019.08.02"]
[EventType "swiss"]
[EventCountry "UAE"]
[SourceTitle "playchess.com"]
[Source "ChessBase"]
[SourceQuality "1"]
[TimeControl "5400+30"]

1. d4 {[%emt 0:00:00]} Nf6 {[%emt 0:00:57]} 2. c4 {[%emt 0:00:00]} g6 {[%emt 0:00:28]} 3. Nc3 {[%emt 0:00:00]} d5 {[%emt 0:00:24]} 4. Bf4 {[%emt 0:00:23]} Bg7 {[%emt 0:00:44]} 5. e3 {[%emt 0:00:08]} O-O {[%emt 0:00:43]} 6. Rc1 {[%emt 0:00:04]} Be6 {[%emt 0:19:06]} 7. c5 {[%emt 0:00:50]} Nc6 {[%emt 0:03:25]} 8. Bd3 {[%emt 0:01:37]} Qd7 {[%emt 0:09:38]} 9. h3 {[%emt 0:03:35]} Nb4 {[%emt 0:04:18]} 10. Be2 {[%emt 0:04:03]} Ne4 {[%emt 0:02:18]} 11. a3 {[%emt 0:02:18]} Nxc3 {[%emt 0:01:13]} 12. Rxc3 {[%emt 0:00:08]} Nc6 {[%emt 0:00:19]} 13. Nf3 {[%emt 0:01:25]} Rfe8 {[%emt 0:03:17]} 14. g4 {[%emt 0:16:10]} f6 {[%emt 0:02:37]} 15. Bg3 {[%emt 0:02:54]} Bf7 {[%emt 0:01:31]} 16. Bb5 {[%emt 0:04:30]} e5 {[%emt 0:02:37]} 17. O-O {[%emt 0:03:26]} a6 {[%emt 0:03:38]} 18. Ba4 {[%emt 0:00:27]} Rad8 {[%emt 0:00:30]} 19. b4 {[%emt 0:03:25]} h5 {[%emt 0:05:00]} 20. gxh5 {[%emt 0:10:02]} Qxh3 {[%emt 0:03:12]} 21. dxe5 {[%emt 0:06:21]} fxe5 {[%emt 0:01:39]} 22. Ng5 {[%emt 0:02:19]} Qxh5 {[%emt 0:00:56]} 23. Nxf7 {[%emt 0:00:07]} Kxf7 {[%emt 0:01:21]} 24. Qxh5 {[%emt 0:03:36]} gxh5 {[%emt 0:00:22]} 25. Rd3 {[%emt 0:00:48]} e4 {[%emt 0:02:38]} 26. Rdd1 {[%emt 0:00:29]} Be5 {[%emt 0:00:59]} 27. Bh4 {[%emt 0:04:24]} Bf6 {[%emt 0:00:45]} 28. Bg3 {[%emt 0:00:14]} Be5 {[%emt 0:00:10]} 29. Bh4 {[%emt 0:00:05]} Bf6 {[%emt 0:00:27]} 30. Bg3 {[%emt 0:00:13]} Rg8 31. Kh1 Ne5 32. Bxe5 Bxe5 33. f3 exf3 34. Rxf3+ Ke6 35. c6 b5 36. Bb3 Rg4 37. Rh3 1/2-1/2

[Event "26th Abu Dhabi Master 2019"]
[Site "Abu Dhabi"]
[Date "2019.08.08"]
[Round "7.66"]
[White "Moksh Amit Doshi"]
[Black "Salonika, Saina"]
[Result "1-0"]
[WhiteElo "2229"]
[BlackElo "2127"]
[Annotator "NA"]
[PlyCount "91"]
[EventDate "2019.08.02"]
[EventType "swiss"]
[EventCountry "UAE"]
[SourceTitle "playchess.com"]
[Source "ChessBase"]
[SourceQuality "1"]
[TimeControl "5400+30"]

1. d4 {[%emt 0:03:53]} f5 {[%emt 0:00:00]} 2. c4 {[%emt 0:01:28]} Nf6 {[%emt 0:00:05]} 3. Nc3 {[%emt 0:00:06]} g6 {[%emt 0:00:10]} 4. h4 {[%emt 0:01:02]} Bg7 {[%emt 0:00:57]} 5. h5 {[%emt 0:00:59]} O-O {[%emt 0:20:51]} 6. hxg6 {[%emt 0:02:13]} hxg6 {[%emt 0:00:05]} 7. Bf4 {[%emt 0:05:51]} e6 {[%emt 0:06:41]} 8. Nf3 {[%emt 0:04:55]} d6 {[%emt 0:01:14]} 9. Qd2 {[%emt 0:01:42]} Qe7 {[%emt 0:06:07]} 10. O-O-O {[%emt 0:01:03]} b6 {[%emt 0:04:10]} 11. Bh6 {[%emt 0:03:32]} Bd7 {[%emt 0:23:27]} 12. Qg5 {[%emt 0:01:56]} Be8 {[%emt 0:01:06]} 13. e4 {[%emt 0:02:37]} Nc6 {[%emt 0:03:34]} 14. exf5 {[%emt 0:02:59]} exf5 {[%emt 0:00:47]} 15. c5 {[%emt 0:03:05]} Ng4 {[%emt 0:13:18]} 16. Bc4+ {[%emt 0:08:19]} Bf7 {[%emt 0:00:06]} 17. Qxg6 {[%emt 0:00:23]} Qf6 {[%emt 0:12:48]} 18. Qxf6 {[%emt 0:02:24]} Bxf6 {[%emt 0:00:09]} 19. Bb5 {[%emt 0:06:12]} Nb4 {[%emt 0:02:49]} 20. Bxf8 {[%emt 0:01:17]} Nxf2 {[%emt 0:00:46]} 21. Bh6 {[%emt 0:01:12]} Nxh1 {[%emt 0:00:26]} 22. Rxh1 {[%emt 0:00:10]} dxc5 {[%emt 0:00:10]} 23. Bg5 {[%emt 0:01:27]} Bxg5+ {[%emt 0:00:28]} 24. Nxg5 {[%emt 0:00:08]} cxd4 {[%emt 0:00:05]} 25. Nxf7 {[%emt 0:00:46]} Kxf7 {[%emt 0:00:06]} 26. Bc4+ {[%emt 0:00:05]} Kg6 {[%emt 0:00:49]} 27. Nb5 {[%emt 0:03:29]} c5 {[%emt 0:00:09]} 28. a3 {[%emt 0:00:05]} a6 {[%emt 0:00:44]} 29. Nd6 {[%emt 0:01:11]} Nc6 {[%emt 0:00:22]} 30. Bf7+ {[%emt 0:00:38]} Kf6 {[%emt 0:00:45]} 31. Bd5 {[%emt 0:00:04]} Rd8 {[%emt 0:00:33]} 32. Rh6+ {[%emt 0:00:51]} Ke5 {[%emt 0:00:08]} 33. Bxc6 {[%emt 0:00:07]} Rxd6 {[%emt 0:00:07]} 34. Rxd6 {[%emt 0:00:04]} Kxd6 {[%emt 0:00:05]} 35. Bb7 {[%emt 0:00:04]} a5 {[%emt 0:00:49]} 36. Ba6 {[%emt 0:01:30]} Ke5 {[%emt 0:00:48]} 37. Kd2 {[%emt 0:00:06]} a4 {[%emt 0:02:10]} 38. Bb5 {[%emt 0:00:15]} Kf4 {[%emt 0:00:13]} 39. Bxa4 {[%emt 0:01:25]} Kg3 {[%emt 0:00:05]} 40. Bc6 {[%emt 0:00:04]} Kf2 {[%emt 0:00:11]} 41. b3 {[%emt 0:00:06]} Kf1 {[%emt 0:00:12]} 42. a4 {[%emt 0:00:06]} Kf2 {[%emt 0:00:10]} 43. Bf3 {[%emt 0:00:39]} Kf1 {[%emt 0:00:25]} 44. Kd3 {[%emt 0:00:03]} Ke1 {[%emt 0:00:11]} 45. b4 {[%emt 0:00:14]} cxb4 {[%emt 0:00:25]} 46. Kxd4 {[%emt 0:00:06]} 1-0

[Event "26th Abu Dhabi Master 2019"]
[Site "Abu Dhabi"]
[Date "2019.08.08"]
[Round "7.67"]
[White "Wang, Shanshan"]
[Black "Mithil, Ajgaonkar"]
[Result "0-1"]
[WhiteElo "2122"]
[BlackElo "2314"]
[Annotator "NA"]
[PlyCount "62"]
[EventDate "2019.08.02"]
[EventType "swiss"]
[EventCountry "UAE"]
[SourceTitle "playchess.com"]
[Source "ChessBase"]
[SourceQuality "1"]
[TimeControl "5400+30"]

1. e4 c6 2. d4 d5 3. Nc3 dxe4 4. Nxe4 Nd7 5. Nf3 Ngf6 6. Ng3 e6 7. Bd3 Be7 8. O-O O-O 9. c3 b6 10. Qe2 Bb7 11. Re1 c5 12. Nf5 exf5 13. Qxe7 Qc7 14. Qe2 Rae8 15. Ne5 Ng4 16. Bf4 Ndxe5 17. dxe5 f6 18. Bxf5 Nxe5 19. f3 c4 20. Kh1 Qc5 21. Be3 Qb5 22. a4 Qc6 23. Qc2 Nxf3 24. Bxh7+ Kh8 25. Re2 Nh4 26. Rg1 f5 27. Bg5 Rxe2 28. Qxe2 Nxg2 29. Rxg2 Qxg2+ 30. Qxg2 Bxg2+ 31. Kxg2 Kxh7 0-1